Statistics for The Lion King Quiz

Click here to take the quiz!

General Stats

  • This quiz has been taken 44,232 times
    (18,976 since last reset)
  • The average score is 12 of 21

Answer Stats

Hint Answer % Correct
Simba's uncleScar
96%
WarthogPumbaa
91%
Simba's fatherMufasa
91%
MeerkatTimon
88%
Saying that means "no worries"Hakuna Matata
87%
Simba's best friend / future wifeNala
86%
Last song{Can} {You} {Feel} the
Love Tonight
86%
First song (it moves us all)Circle of Life
77%
Person who wrote those songsElton John
68%
Where the story takes placeThe {Pride} Lands
59%
Wise mandrillRafiki
59%
How Simba's father dies{Wildebeest} stampede
51%
Hornbill / king's "majordodo"Zazu
50%
Voice of Simba's fatherJames Earl Jones
46%
HyenasEd
44%
Simba's motherSarabi
34%
Voice of Simba (old)Matthew Broderick
25%
HyenasShenzi
23%
Voice of Simba (young)Jonathan Taylor Thomas
23%
HyenasBanzai
18%
Fill-the-blank in the quoteKing? Your Majesty!
I {gravel} at your feet
17%

Score Distribution

Percentile by Number Answered

Percent of People with Each Score

Your Score History

You have not taken this quiz since the last reset